00676cam-a2200217z--4500001001900000003000400019005001700023008004100040020001500081035002600096035001900122035003000141040001400171245009100185260003600276300002700312490003000339650005100369700002000420776001800440991058544027006706OSt20211217113344.0200901u2009uuuuuuuuu-|-o----u|----|fre-d a2271121809 a(CKB)4100000009049674 a(PPN)237721864 a(EXLCZ)994100000009049674 bcatcCDMR14aLes sciences de l'information et de la communicationc/ coordonné par Éric Dacheux aParis:bCNRS Éditions, c2009 a163 pàginesc; 20 cm aLes Essentiels d'Hermès 0aComunicació en ciències de la informació aDacheux, Éric z2-271-06873-8